000 00683cam a22002533a 4500
001 23906
003 PGUSA
005 20140828083517.0
008 071219s2007||||xxu|||||s|||||000 | eng d
040 _aPGUSA
_beng
042 _adc
050 4 _aPL
100 1 _aWang, Shifu,
_d1260-1316
245 1 0 _a西廂記
_h[electronic resource] /
_cShifu Wang
260 _bProject Gutenberg,
_c2007
506 _aPublic domain in the USA.
516 _aElectronic text
653 _aChinese drama -- Yuan dynasty, 1260-1368
740 0 _aXi Xiang Ji
740 0 _a西厢记
830 0 _aProject Gutenberg
_v23906
856 4 0 _uhttp://www.gutenberg.org/ebooks/23906
942 _cEB
999 _c253161
_d253161